[Event "World ol U16"]
[Site "Konya"]
[Date "2018.11.25"]
[Round "1.7"]
[White "Golsta, Madara"]
[Black "Katopodis, Dimitrios"]
[Result "0-1"]
[WhiteElo "1938"]
[BlackElo "2310"]
[PlyCount "86"]
[EventDate "2018.11.25"]
[EventType "team-swiss"]
[EventRounds "9"]
[EventCountry "TUR"]
[SourceTitle "CBM 187 Extra"]
[Source "ChessBase"]
[SourceDate "2018.11.04"]
[SourceVersion "1"]
[SourceVersionDate "2018.11.04"]
[SourceQuality "1"]
[WhiteTeam "Latvia"]
[BlackTeam "Greece"]
[WhiteTeamCountry "LAT"]
[BlackTeamCountry "GRE"]

1. c4 b6 2. Nf3 Bb7 3. e3 e6 4. Be2 Nf6 5. 0-0 Be7 6. b3 0-0 7. Bb2 d5 8. d3 c5 9. Nbd2 Nc6 10. a3 Qc7 11. Rc1 Rad8 12. Qc2 d4 13. exd4 cxd4 14. b4 e5 15. Rfe1 Nd7 16. Bf1 Rfe8 17. Ne4 f5 18. Ng3 g6 19. Re2 a5 20. b5 Ncb8 21. Rce1 Bxf3 22. gxf3 Kf7 23. Bg2 Bf6 24. f4 Nc5 25. Bd5+ Kf8 26. Qd2 exf4 27. Rxe8+ Rxe8 28. Rxe8+ Kxe8 29. Ne2 Nb3 30. Qd1 a4 31. Qe1 Qe7 32. Kf1 g5 33. Qb4 Nc5 34. Bxd4 Bxd4 35. Nxd4 Nxd3 36. Qxe7+ Kxe7 37. Nxf5+ Kf6 38. Nd4 Nd7 39. Ke2 N7c5 40. h3 Nc1+ 41. Kd2 N1d3 42. Ke2 h5 43. Bf3 Ne5 0-1

[Event "Wch U16"]
[Site "Porto Carras"]
[Date "2018.10.30"]
[Round "11.12"]
[White "Katopodis, Dimitrios"]
[Black "Kosakowski, Jakub"]
[Result "0-1"]
[WhiteElo "2310"]
[BlackElo "2413"]
[PlyCount "116"]
[EventDate "2018.10.20"]
[EventType "swiss"]
[EventRounds "11"]
[EventCountry "GRE"]
[SourceTitle "CBM 187 Extra"]
[Source "ChessBase"]
[SourceDate "2018.11.04"]
[SourceVersion "1"]
[SourceVersionDate "2018.11.04"]
[SourceQuality "1"]

1. d4 Nf6 2. Nf3 g6 3. c4 Bg7 4. Nc3 0-0 5. e4 d6 6. Be2 e5 7. d5 a5 8. Be3 Na6 9. Nd2 Nd7 10. 0-0 f5 11. exf5 gxf5 12. f4 Nac5 13. Qc2 exf4 14. Bxf4 Ne5 15. Rae1 Ng6 16. Be3 b6 17. Nf3 Bd7 18. Qd2 Rf7 19. Bd4 Qf8 20. Bd1 Re8 21. Bc2 Ne5 22. Nxe5 dxe5 23. Bf2 Kh8 24. Bd1 Rb8 25. Bg3 Qd6 26. Bc2 Re8 27. Kh1 Qg6 28. Qe2 Nb7 29. Qf2 Rff8 30. Bd3 Qh5 31. Be2 Qh6 32. Bd3 Nd6 33. c5 bxc5 34. Qxc5 f4 35. Bf2 f3 36. gxf3 Rxf3 37. Be3 Qh3 38. Rg1 Nf5 39. Bxf5 Rxf5 40. Rg3 Rf1+ 41. Rxf1 Qxf1+ 42. Bg1 h5 43. Qe3 e4 44. Qg5 Qf7 45. Be3 Bg4 46. h3 Bf3+ 47. Kg1 Rb8 48. Bf4 Qf6 49. Qxg7+ Qxg7 50. Rxg7 Kxg7 51. b3 Rf8 52. Bxc7 e3 53. Kf1 h4 54. Bxa5 Bh5+ 55. Ke1 Rf3 56. Ne4 Rxh3 57. Bc3+ Kg6 58. Kf1 Bf3 0-1

[Event "Wch U16"]
[Site "Porto Carras"]
[Date "2018.10.22"]
[Round "4"]
[White "Katopodis, Dimitrios"]
[Black "Gabizon, Eyal"]
[Result "1/2-1/2"]
[WhiteElo "2310"]
[BlackElo "2205"]
[PlyCount "57"]
[EventDate "2018.10.20"]
[EventType "swiss"]
[EventRounds "11"]
[EventCountry "GRE"]
[SourceTitle "CBM 187 Extra"]
[Source "ChessBase"]
[SourceDate "2018.11.04"]
[SourceVersion "1"]
[SourceVersionDate "2018.11.04"]
[SourceQuality "1"]

1. d4 Nf6 2. Nf3 g6 3. c4 Bg7 4. Nc3 0-0 5. e4 d6 6. Be2 e5 7. d5 a5 8. Be3 Na6 9. Nd2 Nc5 10. 0-0 h5 11. Bg5 Qd7 12. f3 Nh7 13. Be3 Bf6 14. Qc2 Bg5 15. Bf2 f5 16. b3 Qg7 17. Nb5 Nf6 18. Bd3 Bh6 19. Nc3 f4 20. Rfe1 g5 21. Kf1 g4 22. Ke2 Na6 23. Kd1 Kh8 24. Bf1 c5 25. Nb5 Qe7 26. Bh4 Rg8 27. Kc1 Bg5 28. Bf2 Ne8 29. Kb2 1/2-1/2

[Event "Wch U16"]
[Site "Porto Carras"]
[Date "2018.10.21"]
[Round "3"]
[White "Vestby Ellingsen, Mads"]
[Black "Katopodis, Dimitrios"]
[Result "1/2-1/2"]
[WhiteElo "2410"]
[BlackElo "2310"]
[PlyCount "54"]
[EventDate "2018.10.20"]
[EventType "swiss"]
[EventRounds "11"]
[EventCountry "GRE"]
[SourceTitle "CBM 187 Extra"]
[Source "ChessBase"]
[SourceDate "2018.11.04"]
[SourceVersion "1"]
[SourceVersionDate "2018.11.04"]
[SourceQuality "1"]

1. d4 d5 2. c4 e6 3. Nc3 Nf6 4. Nf3 c6 5. e3 Nbd7 6. b3 Bd6 7. Be2 0-0 8. 0-0 b6 9. Bb2 Bb7 10. Bd3 c5 11. cxd5 Nxd5 12. Qe2 Nxc3 13. Bxc3 cxd4 14. exd4 Nf6 15. Bd2 Be7 16. Rfd1 Qd5 17. Rac1 Rac8 18. Rc4 Rfd8 19. Rdc1 Rxc4 20. bxc4 Qh5 21. Be3 Ng4 22. h3 Nxe3 23. fxe3 Bd6 24. Nd2 Qh4 25. Nf3 Qh5 26. Nd2 Qh4 27. Nf3 Qh5 1/2-1/2

[Event "Anogia op 7th"]
[Site "Anogia"]
[Date "2018.08.24"]
[Round "9"]
[White "Katopodis, Dimitrios"]
[Black "Nguyen, Piotr"]
[Result "1/2-1/2"]
[WhiteElo "2306"]
[BlackElo "2405"]
[PlyCount "37"]
[EventDate "2018.08.17"]
[EventType "swiss"]
[EventRounds "9"]
[EventCountry "GRE"]
[SourceTitle "CBM 186 Extra"]
[Source "ChessBase"]
[SourceDate "2018.08.24"]
[SourceVersion "1"]
[SourceVersionDate "2018.08.24"]
[SourceQuality "1"]

1. d4 Nf6 2. Nf3 e6 3. g3 c5 4. Bg2 cxd4 5. 0-0 d5 6. Nxd4 e5 7. Nb3 Be6 8. Bg5 Nbd7 9. Nc3 Be7 10. f4 exf4 11. Bxf4 Nc5 12. Be5 Nce4 13. Qd3 0-0 14. Rad1 Qb6+ 15. Bd4 Qc6 16. Kh1 Rac8 17. Nd2 Rfd8 18. Ndxe4 dxe4 19. Qe3 1/2-1/2